| 000 | 00493 a2200169 4500 | ||
|---|---|---|---|
| 003 | OSt | ||
| 005 | 20240212093934.0 | ||
| 008 | 240212b |||||||| |||| 00| 0 eng d | ||
| 040 | _coclc | ||
| 082 |
_a306 _bBEV/M |
||
| 100 |
_aBevincha, Ibraheem _910446 |
||
| 245 |
_aMuslim samoohika jeevitham malayalathil / _cIbraheem Bevincha |
||
| 250 | _a1st ed. | ||
| 260 |
_aCalicut: _bYuvatha Book House, _c1996. |
||
| 300 | _a88p. | ||
| 942 |
_2ddc _cBK _h306 _iASG/O _k306 _mASG/O |
||
| 999 |
_c44432 _d44432 |
||